Statistiques concernant Règne de Louis XI de France

Cliquez ici pour prendre le quiz!

Statistiques générales

  • Ce quiz a été pris 6 fois
  • Le résultat moyen est 6 sur 9

Statistiques - réponses

QuestionRéponse% Correct
Traité de Picquigny1475
100%
Bataille de Montlhéry1465
80%
Règne de Charles le Téméraire en Bourgogne (années de début et de fin)1467-1477
80%
Entrevue de Péronne1468
80%
Siège de Nancy1477
80%
Bataille de Guinegatte1479
60%
Second traité d'Arras1482
60%
Bataille de GrandsoN1476
40%
Bataille de Morat1476
40%

Distribution des résultats

Percentile par nombre de réponses

% des personnes avec chaque résultat

Votre développement - résultats

Vous n’avez pas pris ce quiz